LEADER 01337nam a2200301 i 4500 001 000000247382 003 CaOOAMICUS 005 20160111000000.0 008 160111s1993 it u000 u ita u 013 $a226287 020 $a88-200-1635-4 040 $aSeMil$bita 100 1 $aPolkinghorne, John.$0(OLS)http://semarc/name/82877 240 10$aScience and providence.$0(OLS)http://semarc/title/349336 245 10$aScienza e provvidenza :$bl'interazione di Dio col mondo /$cJohn Polkinghorne ; traduzione di Cesare Salmaggi. 260 $aMilano :$bSperling & Kupfer Editori,$ccopyr. 1993. 300 $aXII, 179 p. ;$c21 cm. 490 0 $aLa vita delle idee 650 4$aProvvidenza divina.$0(OLS)http://semarc/subject/2384 650 4$aCreazione.$0(OLS)http://semarc/subject/1429 700 1 $aSalmaggi, Cesare.$0(OLS)http://semarc/name/22015 830 3$aLa vita delle idee.$0(OLS)http://semarc/title/11345 850 $aSeMil 852 $aSeMil$W1$xVenegono$y1$m3X I 18$j197728$B197728$CSeMilBibl$Z2$F209044 $81 961 $aLascito: Milani don Felice 996 $6020$a88-200-1635-4$9(OLS)http://semarc/number/256665 996 $6245$aScienza e provvidenza :$bl'interazione di Dio col mondo$9(OLS)http://semarc/title/349335 996 $6260$aMilano :$bSperling & Kupfer Editori$9(OLS)http://semarc/publisher/31570 LEADER 01068nam a2200241 i 4500 001 000000051937 003 CaOOAMICUS 005 20100713000000.0 008 100713s1905 xx u000 u lat u 013 $a23109 040 $aSeMil$bita 100 1 $aBrahm, Ed. .$0(OLS)http://semarc/name/25652 245 10$aDe reticentia voluntaria peccatorum in Confessione /$cconscripsit Ed. Brahm. 250 $aEd. 3. 260 $aRoulers (Belgique) :$bJules de Meester,$c1905. 300 $a87 p. ;$c21 cm. 650 4$aPenitenza - Manuali.$0(OLS)http://semarc/subject/4416 650 4$aPenitenza - Confessore.$0(OLS)http://semarc/subject/5130 650 4$aPenitenza - Confessione dei peccati.$0(OLS)http://semarc/subject/4112 850 $aSeMil 852 $aSeMil$W1$xVenegono$y1$m2J II 21$j255247$B18092$CSeMilBibl$Z2$F18093 $81 996 $6245$aDe reticentia voluntaria peccatorum in Confessione$9(OLS)http://semarc/title/79611 996 $6260$aRoulers (Belgique) :$bJules de Meester$9(OLS)http://semarc/publisher/41399 LEADER 00503nab a2200145 i 4500 001 000000314177 003 CaOOAMICUS 005 20180831173126.0 008 180831n xx uu u0 0und r 013 $a23264 040 $aSeMil$bita 100 1 $aMandrini, Tommaso.$0(OLS)http://semarc/name/40010 245 13$aLe caratteristiche delle spiritualitą contemporanea. 773 0 $t[Gennaio-Dicembre].$g197-201$w()274262 996 $6245$aLe caratteristiche delle spiritualitą contemporanea$9(OLS)http://semarc/title/388379